| 000 | 00440nam a2200133Ia 4500 | ||
|---|---|---|---|
| 008 | 170221s9999 xx 000 0 und d | ||
| 100 | _aFenech, Jean-Pierre | ||
| 245 | _aBrief Technical Note: A Markov Chain Approach to Measure Investment Rating Migrations | ||
| 245 | _cJean-Pierre Fenech, Ying Kai Yap, and Salwa Shafik | ||
| 260 | _c2012 | ||
| 300 | _a32 : 6 | ||
| 650 | _xBusiness | ||
| 856 | _uhttp://ro.uow.edu.au/aabfj/vol7/iss3/9/ | ||
| 999 |
_c311276 _d311276 |
||